00437 2200181 4500001002100000005001500021035002000036007000300056008004100059020002200100082001000122084001600132100001600148245002700164260003100191300002300222650001000245INLIS00000000000002320260428095347 a0010-0426000009ta260428 1 ind  a978-602-06-6556-6 a808.9 a808.9 OKA k0 aOka Rusmini1 aKenanga /cOka Rusmini aJakarta :bGrasindo,c2023 a269 hlm. ;c23 cm. 4aFiksi